Bảy thói quen của những người thành đạt

保存先:
書誌詳細
第一著者: Stephen R.Covey
フォーマット: 図書
言語:Undetermined
出版事項: Hà Nội Thống Kê 1996
主題:
タグ: タグ追加
タグなし, このレコードへの初めてのタグを付けませんか!
Thư viện lưu trữ: Trung tâm Học liệu Trường Đại học Cần Thơ
LEADER 00481nam a2200169Ia 4500
001 CTU_46429
008 210402s9999 xx 000 0 und d
082 |a 650.1 
082 |b C873 
100 |a Stephen R.Covey 
245 0 |a Bảy thói quen của những người thành đạt 
245 0 |c Stephen R.Covey 
260 |a Hà Nội 
260 |b Thống Kê 
260 |c 1996 
650 |a time management 
980 |a Trung tâm Học liệu Trường Đại học Cần Thơ